000 00350nam a2200121Ia 4500
008 130318s9999 xx 000 0 und d
082 _a658 KER/U
100 _aTwenty First Annual Management Convention, Cochin
245 _aUncertain times: Managerial challenges and opportunities
260 _bKMA
_aCochin
_c2002
300 _a233
650 _aMANAGEMENT
999 _c410
_d410